| 000 | 00587cab a2200241 4500 | ||
|---|---|---|---|
| 001 | X609 | ||
| 008 | 090401t1993 xxu||||| |||| 00| 0 eng d | ||
| 035 | _a(Sirsi) u66532 | ||
| 041 | _aeng | ||
| 245 | _aPlanned repairs | ||
| 260 | _c1993 | ||
| 350 | _a0 | ||
| 490 |
_aCSW - The Property Week _v43(5) 29 APRIL 1993, 60(1) |
||
| 650 | _aMACHINERY | ||
| 650 | _aPLANNED MAINTENANCE | ||
| 650 | _aPLANNED PREVENTATIVE MAINTENANCE | ||
| 650 | _aPLANT | ||
| 650 | _aPPM | ||
| 650 | _aPROFESSIONAL BRIEFING | ||
| 690 |
_aRefurbishment _96264 |
||
| 942 | _n0 | ||
| 948 | _c04/03/1997 | ||
| 999 |
_c41565 _d41565 |
||